Horse breeds Quiz Stats

 Plays Quiz not verified by Sporcle

Challenge
Share
Tweet
Embed
Score 0/11 Timer 05:00
0 Plays Today
horse horse breed % Correct
Quarter Horse
66.5%
Arabian
65.4%
Paint
45%
Shetland
28.8%
Friesian
11.5%
Hackney
4.2%
Gypsy Vanner
2.6%
Hanovarian
2.1%
Australian pony
0.5%
Newfoundland
0%
Myranda's made up horse
0%

You're not logged in!

Compare scores with friends on all Sporcle quizzes.
Join for Free
OR
Log In

You Might Also Like...

Show Comments

Extras

Created Dec 18, 2009ReportNominate
Tags:breed, horse

Top Quizzes Today


Score Distribution

Your Account Isn't Verified!

In order to create a playlist on Sporcle, you need to verify the email address you used during registration. Go to your Sporcle Settings to finish the process.

Report this User

Report this user for behavior that violates our Community Guidelines.

Details: